[Event "Landesliga West MV 2013/14"]
[Site "?"]
[Date "2014.01.19"]
[Round "5.7"]
[White "Lindner, Thomas"]
[Black "Noelck, Ulrich"]
[Result "1/2-1/2"]
[WhiteElo "1644"]
[BlackElo "1597"]
[PlyCount "56"]
[EventType "team-tourn"]
[EventRounds "9"]
[WhiteTeam "SF Schwerin IV"]
[BlackTeam "SV Empor Kuehlungsborn"]

1. d4 e6 2. c4 d5 3. Nc3 Nf6 4. Bg5 Be7 5. e3 Nc6 6. Nf3 h6 7. Bh4 b6 8. Be2
Bb7 9. O-O Rc8 10. Rc1 O-O 11. cxd5 Nxd5 12. Bxe7 Ncxe7 13. a3 Nxc3 14. Rxc3
Nd5 15. Rc2 Qe7 16. Qd2 c5 17. dxc5 Rxc5 18. Rxc5 Qxc5 19. Rc1 Qe7 20. Rc2 Rc8
21. Rxc8+ Bxc8 22. Qc2 Bb7 23. Nd4 Qc7 24. Qxc7 Nxc7 25. f3 Kf8 26. e4 Ke7 27.
Kf2 g6 28. Ke3 e5 1/2-1/2

[Event "Landesliga West MV 2013/14"]
[Site "?"]
[Date "2014.01.19"]
[Round "5.8"]
[White "Behnke, Thomas"]
[Black "Weinstein, Arkadi"]
[Result "0-1"]
[WhiteElo "1582"]
[BlackElo "1693"]
[PlyCount "64"]
[EventType "team-tourn"]
[EventRounds "9"]
[WhiteTeam "SV Empor Kuehlungsborn"]
[BlackTeam "SF Schwerin IV"]

1. e4 e6 2. d4 d5 3. Nc3 Bb4 4. e5 c5 5. a3 Bxc3+ 6. bxc3 Nc6 7. Qg4 g6 8. Bb5
Bd7 9. Bxc6 Bxc6 10. dxc5 Qc7 11. a4 Qxe5+ 12. Ne2 Ne7 13. Qd4 f6 14. Be3 Nf5
15. Qd2 Nxe3 16. fxe3 O-O 17. Nd4 Bd7 18. Rb1 Rab8 19. Nb5 Bxb5 20. Rxb5 Qc7
21. Qd4 a6 22. Rb6 Qf7 23. O-O Rbc8 24. Rfb1 Rc7 25. Qb4 Qe7 26. Rxb7 Rxb7 27.
Qxb7 Qxc5 28. Qb6 Qc8 29. Qd4 Kg7 30. Rb6 Rf7 31. Qb4 g5 32. Qd6 Qxc3 0-1

[Event "Landesliga West MV 2013/14"]
[Site "?"]
[Date "2014.01.19"]
[Round "5.1"]
[White "Schreiber, Kevin"]
[Black "Hilpert, Andreas"]
[Result "0-1"]
[WhiteElo "1991"]
[BlackElo "1867"]
[PlyCount "148"]
[EventType "team-tourn"]
[EventRounds "9"]
[WhiteTeam "SC Mecklenburger Springer"]
[BlackTeam "Post SV Ludwigslust II"]

1. d4 d5 2. Nf3 e6 3. e3 c6 4. Bd3 f5 5. O-O Nf6 6. b3 Bd6 7. Ba3 O-O 8. Bxd6
Qxd6 9. Ne5 Nbd7 10. Nxd7 Bxd7 11. f4 Be8 12. Qc1 Bh5 13. Qa3 Qd8 14. Nd2 Ng4
15. Rae1 Rf6 16. h3 Nh6 17. Nf3 Bxf3 18. Rxf3 Nf7 19. c4 Qd6 20. Qxd6 Nxd6 21.
c5 Ne8 22. g4 g6 23. b4 a6 24. a4 Nc7 25. Kg2 Rf7 26. Kg3 Kf8 27. h4 Ke7 28.
Rf2 Kd7 29. Rb1 Rff8 30. Rh2 Ne8 31. h5 gxh5 32. g5 Ng7 33. b5 axb5 34. axb5
Kc7 35. Rhb2 cxb5 36. Bxb5 Rfb8 37. Bd3 Ra3 38. Rb3 Rxb3 39. Rxb3 Ra8 40. Bb5
Ra7 41. Kh4 Ra1 42. Bd7 Rh1+ 43. Kg3 Rg1+ 44. Kh2 Re1 45. Kg2 h4 46. Kf2 h3 47.
Kg3 Nh5+ 48. Kxh3 Kxd7 49. Kg2 Kc7 50. Kf2 Ra1 51. Rb2 Ng7 52. Kf3 Rh1 53. Kg2
Rh4 54. Kg3 Rg4+ 55. Kf3 Rh4 56. Kg3 Rh5 57. Rb1 Ne8 58. Rb6 Ng7 59. Rb1 Kc8
60. Ra1 Kb8 61. Re1 Kc7 62. Kg2 h6 63. gxh6 Rxh6 64. Kf3 Ne8 65. Rc1 Rf6 66.
Ke2 Ng7 67. Kd3 Nh5 68. Kc3 Ng3 69. Kb4 Nf1 70. Kb5 Nxe3 71. c6 bxc6+ 72. Rxc6+
Kd7 73. Ra6 Rh6 74. Kc5 Ke7 0-1

[Event "Landesliga West MV 2013/14"]
[Site "?"]
[Date "2014.01.20"]
[Round "5.2"]
[White "Krueger, Horst"]
[Black "Schreiber, Felix"]
[Result "1/2-1/2"]
[WhiteElo "1931"]
[BlackElo "1819"]
[PlyCount "120"]
[EventType "team-tourn"]
[EventRounds "9"]
[WhiteTeam "Post SV Ludwigslust II"]
[BlackTeam "SC Mecklenburger Springer"]

1. d4 d5 2. c4 e6 3. Nf3 Nf6 4. Nc3 c6 5. Bg5 Nbd7 6. e3 Qa5 7. Bxf6 Nxf6 8. a3
Ne4 9. Rc1 Nxc3 10. Rxc3 Bxa3 11. Nd2 Bxb2 12. Rb3 Bc3 13. Qc2 Bxd2+ 14. Qxd2
Qxd2+ 15. Kxd2 b6 16. Be2 Ba6 17. Ra1 Bb7 18. Rba3 a6 19. c5 b5 20. Kc3 Kd7 21.
Kb4 Rae8 22. Ka5 Kc7 23. f4 Bc8 24. Rf1 f6 25. Raa1 Re7 26. Bg4 Rhe8 27. Rae1
Bb7 28. Re2 Bc8 29. Ref2 Bd7 30. g3 Ra8 31. h4 g6 32. Bh3 h5 33. Rf3 Kb7 34.
R3f2 Rf8 35. Rf3 Be8 36. R3f2 Bf7 37. Rf3 Bg8 38. R1f2 Rfe8 39. Rf1 Ka7 40.
R3f2 Rb8 41. Rb1 Bh7 42. Rbb2 Rbe8 43. Rf1 Bg8 44. Rbf2 Bf7 45. Rb2 Rb8 46.
Rff2 Be8 47. Kb4 e5 48. Rbe2 exd4 49. exd4 Rbb7 50. Re6 Rxe6 51. Bxe6 Re7 52.
Re2 Bf7 53. Bg4 Re4 54. Bf3 Rxe2 55. Bxe2 Be6 56. Bd1 Bf5 57. Ka5 Kb7 58. Bb3
Bd3 59. Bd1 Bf5 60. Bb3 Bg4 1/2-1/2

[Event "Landesliga West MV 2013/14"]
[Site "?"]
[Date "2014.01.20"]
[Round "5.3"]
[White "Schreiber, Thomas"]
[Black "Fechner, Frank"]
[Result "1-0"]
[WhiteElo "1765"]
[BlackElo "1760"]
[PlyCount "67"]
[EventType "team-tourn"]
[EventRounds "9"]
[WhiteTeam "SC Mecklenburger Springer"]
[BlackTeam "Post SV Ludwigslust II"]

1. d4 d5 2. Bf4 Nf6 3. e3 e6 4. Nf3 Bd6 5. Ne5 O-O 6. Nd2 c5 7. c3 Qe7 8. Bd3
Nbd7 9. Qf3 Bxe5 10. dxe5 Ne8 11. Qh3 f5 12. Nf3 g6 13. Bg5 Qf7 14. Bh6 Ng7 15.
Ng5 Qe7 16. Bxg7 Qxg5 17. Bxf8 Nxf8 18. f4 Qe7 19. g4 Bd7 20. Rg1 Kf7 21. Qg3
Ke8 22. h4 Kd8 23. gxf5 exf5 24. Qg5 Be6 25. Rd1 Qxg5 26. hxg5 Ke7 27. Be2 Rd8
28. Bf3 b6 29. Rg2 Rd7 30. Rgd2 d4 31. exd4 cxd4 32. Rxd4 Bxa2 33. Rxd7+ Nxd7
34. Ra1 1-0

[Event "Landesliga West MV 2013/14"]
[Site "?"]
[Date "2014.01.20"]
[Round "5.4"]
[White "Schulz, Gerhard"]
[Black "Konrad, Andreas"]
[Result "1/2-1/2"]
[WhiteElo "1679"]
[BlackElo "1757"]
[PlyCount "55"]
[EventType "team-tourn"]
[EventRounds "9"]
[WhiteTeam "Post SV Ludwigslust II"]
[BlackTeam "SC Mecklenburger Springer"]

1. d4 Nf6 2. Nf3 g6 3. e3 Bg7 4. Bd3 d6 5. c3 O-O 6. Nbd2 Nbd7 7. O-O e5 8. Re1
Qe7 9. e4 Nh5 10. Nf1 Ndf6 11. dxe5 dxe5 12. Bg5 h6 13. Bd2 Rd8 14. Bc2 Nf4 15.
Qc1 N6h5 16. Ng3 Bg4 17. Nxh5 Nxh5 18. Bxh6 Bxf3 19. Bxg7 Bxg2 20. Bh6 Bh3 21.
Qe3 Qh4 22. Qg5 Qxg5+ 23. Bxg5 f6 24. Be3 b6 25. Rad1 Bg4 26. Bb3+ Kf8 27.
Rxd8+ Rxd8 28. Kg2 1/2-1/2

[Event "Landesliga West MV 2013/14"]
[Site "?"]
[Date "2014.01.20"]
[Round "5.5"]
[White "Schreiber, Oliver"]
[Black "Lange, Marius"]
[Result "1-0"]
[WhiteElo "1710"]
[BlackElo "1607"]
[PlyCount "41"]
[EventType "team-tourn"]
[EventRounds "9"]
[WhiteTeam "SC Mecklenburger Springer"]
[BlackTeam "Post SV Ludwigslust II"]

1. d4 f5 2. Bg5 Nf6 3. e3 d5 4. Nf3 g6 5. Nbd2 Bg7 6. Ne5 O-O 7. h4 Nbd7 8.
Ndf3 Ne4 9. Bf4 Ndf6 10. Ng5 Nh5 11. Be2 Nxf4 12. exf4 c5 13. h5 cxd4 14. Qxd4
Nxg5 15. fxg5 e6 16. f4 Bd7 17. Qe3 Bxe5 18. Qxe5 Qa5+ 19. c3 Qb6 20. hxg6 hxg6
21. Rh8+ 1-0

[Event "Landesliga West MV 2013/14"]
[Site "?"]
[Date "2014.01.20"]
[Round "5.6"]
[White "Fitz, Baldur"]
[Black "Schreiber, Nico"]
[Result "0-1"]
[WhiteElo "1558"]
[BlackElo "1728"]
[PlyCount "64"]
[EventType "team-tourn"]
[EventRounds "9"]
[WhiteTeam "Post SV Ludwigslust II"]
[BlackTeam "SC Mecklenburger Springer"]

1. d4 d5 2. c4 c6 3. cxd5 cxd5 4. Nc3 Nf6 5. Bf4 a6 6. Nf3 e6 7. e3 Nc6 8. a3
Bd6 9. Bxd6 Qxd6 10. Bd3 O-O 11. Qc2 b5 12. O-O b4 13. Ne2 Bb7 14. Qc5 Qxc5 15.
dxc5 e5 16. Bc2 bxa3 17. Rxa3 g6 18. Ba4 Nd7 19. Nc3 Nxc5 20. Bxc6 Bxc6 21.
Nxe5 Bb7 22. b4 Ne4 23. Nxe4 dxe4 24. Nd7 Rfd8 25. Nc5 Bc6 26. g3 Bb5 27. Rc1
f5 28. Ne6 Rac8 29. Nc5 Rd2 30. Rca1 Rcd8 31. h4 Rc2 32. Rb1 Rdd2 0-1

[Event "Landesliga West MV 2013/14"]
[Site "?"]
[Date "2014.01.20"]
[Round "5.7"]
[White "Hopp, Peter"]
[Black "Lange, Stefan"]
[Result "1-0"]
[WhiteElo "1637"]
[BlackElo "1557"]
[PlyCount "69"]
[EventType "team-tourn"]
[EventRounds "9"]
[WhiteTeam "SC Mecklenburger Springer"]
[BlackTeam "Post SV Ludwigslust II"]

1. e4 d6 2. d4 Nf6 3. Nc3 g6 4. Nf3 Bg7 5. Bc4 c6 6. a4 O-O 7. h3 b6 8. Be3 Ba6
9. Bd3 Bxd3 10. Qxd3 Nbd7 11. O-O Qc7 12. Rad1 Rad8 13. Rd2 Ne8 14. Ne2 c5 15.
c3 c4 16. Qc2 Qb7 17. Rfd1 Nc7 18. Bg5 f6 19. Bf4 Ne6 20. Be3 a6 21. Nf4 Nxf4
22. Bxf4 Rc8 23. Re2 b5 24. axb5 axb5 25. e5 fxe5 26. Bg5 exd4 27. Nxd4 Nf6 28.
Ne6 Rf7 29. Rde1 d5 30. Qd2 Ne4 31. Qe3 Rf5 32. Nxg7 Kxg7 33. Bh6+ Kh8 34. f3
Ng3 35. Qd4+ 1-0

[Event "Landesliga West MV 2013/14"]
[Site "?"]
[Date "2014.01.20"]
[Round "5.8"]
[White "Wulf, Birgit"]
[Black "Goldbach, Aaron"]
[Result "1/2-1/2"]
[WhiteElo "1303"]
[BlackElo "1594"]
[PlyCount "162"]
[EventType "team-tourn"]
[EventRounds "9"]
[WhiteTeam "Post SV Ludwigslust II"]
[BlackTeam "SC Mecklenburger Springer"]

1. c4 e5 2. Nc3 d6 3. Nf3 Be6 4. e3 f5 5. d4 e4 6. Nd2 Nf6 7. d5 Bd7 8. Be2 Na6
9. a3 g6 10. b4 c5 11. dxc6 Bxc6 12. b5 Nb8 13. bxc6 Nxc6 14. Nd5 Bg7 15. Rb1
Rb8 16. Bb2 O-O 17. Nxf6+ Bxf6 18. Bxf6 Qxf6 19. Qc2 Ne5 20. O-O Rfc8 21. Qb3
Rc5 22. Qa2 Kg7 23. Rfc1 b6 24. Nb3 Rc7 25. Nd4 Rc5 26. Rb5 Rbc8 27. Rxc5 Rxc5
28. Nb3 Rc7 29. Qd2 Qe6 30. Qd5 Qd7 31. Qb5 Qc8 32. Nd2 Rc5 33. Qb2 Kf8 34. f4
Nf7 35. Nb3 Rc7 36. Qf6 Rd7 37. Nd4 d5 38. Ne6+ Ke8 39. Qg7 Ke7 40. Ng5 Qf8 41.
Qxf8+ Kxf8 42. Nxf7 Kxf7 43. cxd5 Ke7 44. Rd1 Kd6 45. Bb5 Rd8 46. Bc6 Rb8 47.
a4 a6 48. Rb1 Kc5 49. Kf2 b5 50. axb5 axb5 51. Ke2 h6 52. h3 g5 53. g4 gxf4 54.
exf4 b4 55. Ke3 fxg4 56. hxg4 Rg8 57. Kxe4 Rxg4 58. Ba4 Rg8 59. Bb3 Re8+ 60.
Kd3 Rf8 61. Ke3 Re8+ 62. Kf3 Kd4 63. Ba2 Ra8 64. Rxb4+ Kc3 65. Rb6 Rxa2 66.
Rxh6 Rd2 67. Ke4 Kc4 68. d6 Kc5 69. Ke5 Rd5+ 70. Ke4 Rd1 71. d7 Rxd7 72. Re6
Rd1 73. Kf5 Kd5 74. Re8 Rg1 75. Kf6 Kd6 76. f5 Kd7 77. Re2 Rf1 78. Rd2+ Ke8 79.
Re2+ Kf8 80. Ra2 Ke8 81. Ra7 Rb1 1/2-1/2

[Event "Landesliga West MV 2013/14"]
[Site "?"]
[Date "2014.01.19"]
[Round "5.1"]
[White "Menkhaus, Wolf-Dieter"]
[Black "Borchert, Chris"]
[Result "0-1"]
[WhiteElo "1821"]
[BlackElo "2051"]
[PlyCount "63"]
[EventType "team-tourn"]
[EventRounds "9"]
[WhiteTeam "SSC Rostock 07 III"]
[BlackTeam "SV Malchower Schachinsel"]

1. d4 Nf6 2. c4 e6 3. Nc3 Bb4 4. a3 Bxc3+ 5. bxc3 Ne4 6. f3 Qh4+ 7. g3 Nxg3 8.
hxg3 Qxh1 9. Nh3 d6 10. Bf4 e5 11. Nf2 Qh5 12. g4 Qg6 13. dxe5 dxe5 14. Bxe5
O-O 15. e3 Na6 16. Bd3 Qe6 17. Qc2 g6 18. Bf4 Nc5 19. O-O-O Bd7 20. Ne4 Nxe4
21. Bxe4 Bc6 22. Rh1 f6 23. Qh2 Qf7 24. Bxc6 bxc6 25. Bxc7 Rfe8 26. e4 Re7 27.
Bd6 Rb7 28. Qe2 Rd8 29. e5 fxe5 30. Bxe5 Re8 31. Re1 Rbe7 32. Kd1 0-1

[Event "Landesliga West MV 2013/14"]
[Site "?"]
[Date "2014.01.19"]
[Round "5.3"]
[White "Herde, Dittmar"]
[Black "Schmidt, Joerg"]
[Result "0-1"]
[WhiteElo "1897"]
[BlackElo "1897"]
[PlyCount "71"]
[EventType "team-tourn"]
[EventRounds "9"]
[WhiteTeam "SSC Rostock 07 III"]
[BlackTeam "SV Malchower Schachinsel"]

1. d4 d5 2. c4 c6 3. Nc3 Nf6 4. Nf3 e6 5. Bg5 dxc4 6. a4 Nbd7 7. e3 Qa5 8. Bxf6
Nxf6 9. Bxc4 Ne4 10. Rc1 Bb4 11. Qc2 Nxc3 12. bxc3 Bd6 13. e4 Bf4 14. Rd1 O-O
15. O-O b5 16. axb5 cxb5 17. Ra1 Qb6 18. Rfb1 Bd7 19. Bd3 g6 20. Qb2 Rfb8 21.
g3 Bh6 22. Ne5 Be8 23. f4 Bg7 24. Qf2 Qc7 25. Rc1 $11 a5 26. Ng4 Qe7 27. h4 b4
28. cxb4 Qxb4 29. e5 a4 30. Ra2 Rc8 31. Bc2 Rc4 32. Rb1 Qc3 33. Rd1 Rd8 34. d5
Rxd5 35. Rxd5 exd5 36. Qe2 0-1

[Event "Landesliga West MV 2013/14"]
[Site "?"]
[Date "2014.01.19"]
[Round "5.4"]
[White "Hertel-Mach, Frank"]
[Black "Jeske, Holger"]
[Result "0-1"]
[WhiteElo "1798"]
[BlackElo "1831"]
[PlyCount "102"]
[EventType "team-tourn"]
[EventRounds "9"]
[WhiteTeam "SV Malchower Schachinsel"]
[BlackTeam "SSC Rostock 07 III"]

1. e4 d5 2. Nc3 d4 3. Nd5 e5 4. c3 f5 5. Bc4 c6 6. Nb4 Nf6 7. Nd3 b5 8. Bb3 Qe7
9. exf5 Bxf5 10. Qe2 e4 11. Nf4 d3 12. Qe3 Ng4 13. Qd4 Nf6 14. Ngh3 c5 15. Qe3
Ng4 16. Qg3 h5 17. Nd5 Qd8 18. Qc7 c4 19. Qxd8+ Kxd8 20. Bd1 Nc6 21. Ng5 Nge5
22. f4 exf3 23. Bxf3 Nxf3+ 24. Nxf3 Bc5 25. b4 cxb3 26. axb3 Re8+ 27. Ne3 b4
28. cxb4 Nxb4 29. Ra5 Nc2+ 30. Kf2 Rc8 31. Ne1 Be4 32. N1xc2 Rf8+ 33. Ke1 dxc2
34. Rf1 Rxf1+ 35. Kxf1 Kd7 36. Ke2 Kc6 37. Ra4 Re8 38. g3 Bd5 39. Rh4 Bxb3 40.
Rxh5 Bc4+ 41. Ke1 Bd3 42. Rg5 Rb8 43. Rd5 Rb1 44. Rxd3 Rxc1+ 45. Ke2 Re1+ 46.
Kxe1 c1=Q+ 47. Ke2 Qg1 48. Ng4 Qg2+ 49. Kd1 Qe4 50. h3 Bd4 51. Kc2 Kc5 0-1

[Event "Landesliga West MV 2013/14"]
[Site "?"]
[Date "2014.01.19"]
[Round "5.5"]
[White "Maertin, Heinz"]
[Black "Kuehn, Peter"]
[Result "1/2-1/2"]
[WhiteElo "1768"]
[BlackElo "1798"]
[PlyCount "34"]
[EventType "team-tourn"]
[EventRounds "9"]
[WhiteTeam "SSC Rostock 07 III"]
[BlackTeam "SV Malchower Schachinsel"]

1. e4 c5 2. Nf3 e6 3. d4 cxd4 4. Nxd4 Nf6 5. Nc3 d6 6. f4 a6 7. Qf3 Qc7 8. Be3
b5 9. e5 Bb7 10. Bxb5+ axb5 11. Ndxb5 Qd7 12. Qe2 dxe5 13. Rd1 Qc6 14. fxe5
Nfd7 15. Nd6+ Bxd6 16. Rxd6 Qxg2 17. Qxg2 Bxg2 1/2-1/2

[Event "Landesliga West MV 2013/14"]
[Site "?"]
[Date "2014.01.19"]
[Round "5.6"]
[White "Fechner, Henrik"]
[Black "Hasenberg, Harald"]
[Result "1-0"]
[WhiteElo "1771"]
[BlackElo "1654"]
[PlyCount "33"]
[EventType "team-tourn"]
[EventRounds "9"]
[WhiteTeam "SV Malchower Schachinsel"]
[BlackTeam "SSC Rostock 07 III"]

1. e4 g6 2. d4 Bg7 3. Be3 d6 4. Nf3 Nf6 5. Nbd2 O-O 6. c3 Ng4 7. Bg5 h6 8. Bh4
f5 9. Qb3+ Kh8 10. h3 Nf6 11. Bxf6 exf6 12. Nh4 Qe8 13. O-O-O fxe4 14. g4 c6
15. d5 Nd7 16. Nc4 Qe7 17. Nxg6+ 1-0

[Event "Landesliga West MV 2013/14"]
[Site "?"]
[Date "2014.01.19"]
[Round "5.7"]
[White "Worm, Alfred"]
[Black "Schmidt, Robert"]
[Result "1-0"]
[WhiteElo "1599"]
[BlackElo "1688"]
[PlyCount "51"]
[EventType "team-tourn"]
[EventRounds "9"]
[WhiteTeam "SSC Rostock 07 III"]
[BlackTeam "SV Malchower Schachinsel"]

1. e4 d5 2. exd5 Qxd5 3. d4 Nc6 4. Nf3 Bg4 5. Be2 O-O-O 6. c4 Qh5 7. Qa4 Qa5+
8. Qxa5 Nxa5 9. Ne5 Be6 10. d5 f6 11. Nf3 Bg4 12. b4 Nxc4 13. Bxc4 Bxf3 14.
gxf3 e6 15. dxe6 Bxb4+ 16. Bd2 Bxd2+ 17. Nxd2 Ne7 18. O-O-O Nf5 19. Rhg1 g6 20.
Ne4 Nd4 21. Nxf6 Rdf8 22. Rxd4 Rxf6 23. Re1 Re8 24. e7 c6 25. Be6+ Kc7 26. Bd7
1-0

[Event "Landesliga West MV 2013/14"]
[Site "?"]
[Date "2014.01.19"]
[Round "5.8"]
[White "Wendt, Uwe"]
[Black "Raitza, Egon"]
[Result "1/2-1/2"]
[WhiteElo "1660"]
[BlackElo "1617"]
[PlyCount "44"]
[EventType "team-tourn"]
[EventRounds "9"]
[WhiteTeam "SV Malchower Schachinsel"]
[BlackTeam "SSC Rostock 07 III"]

1. e4 e6 2. Nf3 d5 3. exd5 exd5 4. d4 Bd6 5. Nc3 c6 6. Bd3 Ne7 7. Bg5 f6 8. Bd2
O-O 9. O-O Bf5 10. Qe2 Bxd3 11. Qxd3 Qd7 12. Rfe1 Na6 13. Qe2 Nc7 14. Be3 Rae8
15. Qd2 Ng6 16. Ne2 Re7 17. Nf4 Nxf4 18. Bxf4 Rfe8 19. Rxe7 Rxe7 20. Re1 Rxe1+
21. Nxe1 Ne6 22. Bxd6 Qxd6 1/2-1/2

[Event "Landesliga West MV 2013/14"]
[Site "?"]
[Date "2014.02.23"]
[Round "6.1"]
[White "Mueller, Michael"]
[Black "Schulz, Bernd"]
[Result "0-1"]
[WhiteElo "1911"]
[BlackElo "1828"]
[PlyCount "52"]
[EventType "team-tourn"]
[EventRounds "9"]
[WhiteTeam "SSC Rostock 07 III"]
[BlackTeam "ASV GW Wismar II"]

1. d4 d5 {[%emt 0:00:00]} 2. e4 c6 3. Nc3 dxe4 4. Nxe4 Nd7 5. Nf3 Ngf6 6. Ng3
e6 7. Bd3 Be7 8. O-O O-O 9. Qe2 Re8 10. Ne5 Nf8 11. Rd1 Ng6 12. c3 Qc7 13. Bg5
Nd5 14. Bxg6 hxg6 15. Ne4 Bxg5 16. Nxg5 f6 17. Nxg6 fxg5 18. Rd3 Nf4 19. Nxf4
Qxf4 20. Qh5 Rf8 21. Rf1 Qh4 22. Qg6 Qh6 23. Qe4 Rf4 24. Qe2 Bd7 25. Qe5 Raf8
26. Qc7 Bc8 0-1

[Event "Landesliga West MV 2013/14"]
[Site "?"]
[Date "2014.02.23"]
[Round "6.2"]
[White "Wagner, Prof. Bernd"]
[Black "Menkhaus, Wolf-Dieter"]
[Result "1-0"]
[WhiteElo "1750"]
[BlackElo "1821"]
[PlyCount "91"]
[EventType "team-tourn"]
[EventRounds "9"]
[WhiteTeam "ASV GW Wismar II"]
[BlackTeam "SSC Rostock 07 III"]

1. d4 Nf6 2. c4 c5 3. d5 e5 4. Nc3 d6 5. Nf3 Be7 6. e3 O-O 7. Bd3 Na6 8. Ng5 g6
9. f4 Nh5 10. Nxh7 Kxh7 11. Qxh5+ Kg7 12. Qe2 exf4 13. exf4 Bh4+ 14. g3 Bf6 15.
O-O Bh3 16. Re1 Qd7 17. Be3 Nb4 18. Bb1 Na6 19. Ne4 Bd8 20. Bd2 Re8 21. Bc3+
Kh6 22. Qd2 f5 23. Nf2 Rxe1+ 24. Qxe1 Bg4 25. Nxg4+ fxg4 26. Qe4 Qf7 27. Bd3
Nc7 28. Qe2 Bf6 29. Qd2 Kg7 30. Re1 Re8 31. Bxf6+ Qxf6 32. Rxe8 Nxe8 33. Qe2
Qd4+ 34. Kh1 Nf6 35. Qe7+ Kg8 36. Qe6+ Kg7 37. Qe7+ Kg8 38. Qe6+ Kg7 39. Qe2
Kf7 40. Qc2 Qe3 41. Bxg6+ Kg7 42. Bd3 Qf3+ 43. Kg1 Qe3+ 44. Kf1 Qf3+ 45. Ke1
Qe3+ 46. Qe2 1-0

[Event "Landesliga West MV 2013/14"]
[Site "?"]
[Date "2014.02.23"]
[Round "6.4"]
[White "Krischewski, Peter"]
[Black "Herde, Dittmar"]
[Result "0-1"]
[WhiteElo "1414"]
[BlackElo "1807"]
[PlyCount "55"]
[EventType "team-tourn"]
[EventRounds "9"]
[WhiteTeam "ASV GW Wismar II"]
[BlackTeam "SSC Rostock 07 III"]

1. e4 c5 2. Nc3 d6 3. Nf3 Nf6 4. d4 cxd4 5. Nxd4 g6 6. Bb5+ Bd7 7. Bxd7+ Qxd7
8. Qd3 Bg7 9. Qb5 Nc6 10. Nxc6 bxc6 11. Qa6 O-O 12. O-O Rfb8 13. Qd3 Rb7 14.
Re1 Qc7 15. b3 Ng4 16. h3 Ne5 17. Qg3 Qa5 18. Bd2 {[%emt 0:00:00]} c5 19. Nb1
Qb6 20. Bc3 c4 21. bxc4 Nxc4 22. Bxg7 Kxg7 23. Qc3+ Ne5 24. Nd2 Rc7 25. Qb3 Qc6
26. Rac1 Rac8 27. Qb2 Kg8 28. Nb3 0-1

[Event "Landesliga West MV 2013/14"]
[Site "?"]
[Date "2014.02.23"]
[Round "6.5"]
[White "Jeske, Holger"]
[Black "Runge, Manfred"]
[Result "1-0"]
[WhiteElo "1831"]
[BlackElo "1342"]
[PlyCount "30"]
[EventType "team-tourn"]
[EventRounds "9"]
[WhiteTeam "SSC Rostock 07 III"]
[BlackTeam "ASV GW Wismar II"]

1. e4 c5 2. b4 e5 3. b5 Nf6 4. Bc4 Be7 5. d3 d6 6. Nc3 O-O 7. Nge2 Nbd7 8. a4
b6 9. Bd2 Bb7 10. Ng3 Re8 11. Nf5 Bf8 12. h4 h5 13. f3 Nh7 14. g4 hxg4 15. fxg4
g5 1-0

[Event "Landesliga West MV 2013/14"]
[Site "?"]
[Date "2014.02.23"]
[Round "6.6"]
[White "Madaus, Hans"]
[Black "Maertin, Heinz"]
[Result "1/2-1/2"]
[WhiteElo "1312"]
[BlackElo "1768"]
[PlyCount "41"]
[EventType "team-tourn"]
[EventRounds "9"]
[WhiteTeam "ASV GW Wismar II"]
[BlackTeam "SSC Rostock 07 III"]

1. e4 c5 2. Nf3 e6 3. c4 d6 4. d4 cxd4 5. Nxd4 Nf6 6. Bd3 Be7 7. O-O a6 8. b3
Bd7 9. Bb2 Nc6 10. Nd2 Nxd4 11. Bxd4 Bc6 12. Re1 O-O 13. Nf3 Nd7 14. Qc2 e5 15.
Bc3 Qc7 16. b4 b5 17. cxb5 Bxb5 18. Rac1 Qb7 19. Qe2 Rac8 20. Bb2 Bxd3 21. Qxd3
1/2-1/2

[Event "Landesliga West MV 2013/14"]
[Site "?"]
[Date "2014.02.23"]
[Round "6.7"]
[White "Hasenberg, Harald"]
[Black "Brockmann, Knut"]
[Result "1-0"]
[WhiteElo "1654"]
[BlackElo "1186"]
[PlyCount "39"]
[EventType "team-tourn"]
[EventRounds "9"]
[WhiteTeam "SSC Rostock 07 III"]
[BlackTeam "ASV GW Wismar II"]

1. d4 d5 2. c4 Nf6 3. cxd5 Nxd5 4. e4 Nb6 5. Be2 g6 6. Nf3 e6 7. O-O Bg7 8. Nc3
a6 9. Be3 Nc6 10. Qd2 Ne7 11. Rad1 Nd7 12. Bh6 O-O 13. Bxg7 Kxg7 14. d5 Nf6 15.
Qd4 e5 16. Nxe5 Qd6 17. Nc4 Qf4 18. g3 Qg5 19. f4 Qh6 20. Rf2 1-0

[Event "Landesliga West MV 2013/14"]
[Site "?"]
[Date "2014.02.23"]
[Round "6.8"]
[White "Ruediger, Felix"]
[Black "Worm, Alfred"]
[Result "0-1"]
[WhiteElo "1017"]
[BlackElo "1599"]
[PlyCount "54"]
[EventType "team-tourn"]
[EventRounds "9"]
[WhiteTeam "ASV GW Wismar II"]
[BlackTeam "SSC Rostock 07 III"]

1. e4 c6 2. d4 d5 3. exd5 cxd5 4. Nf3 Nf6 5. Bf4 Nc6 6. Nc3 Nh5 7. Bg3 Nxg3 8.
fxg3 g6 9. Bd3 Bg7 10. Bb5 O-O 11. Qd2 Bg4 12. Bxc6 bxc6 13. O-O-O Rb8 14. h3
Bd7 15. Ne5 Be8 16. g4 Qb6 17. b3 f6 18. Nf3 Bf7 19. Na4 Qa6 20. Kb1 Qxa4 21.
Rhe1 Rfe8 22. Qc3 Qb5 23. h4 e5 24. dxe5 fxe5 25. Nxe5 Re6 26. Rd2 d4 27. Qxd4
Bxe5 0-1

[Event "Landesliga West MV 2013/14"]
[Site "?"]
[Date "2014.02.23"]
[Round "6.1"]
[White "Hilpert, Andreas"]
[Black "Littke, Helmut"]
[Result "1/2-1/2"]
[WhiteElo "1867"]
[BlackElo "2019"]
[PlyCount "82"]
[EventType "team-tourn"]
[EventRounds "9"]
[WhiteTeam "Post SV Ludwigslust II"]
[BlackTeam "ASV GW Wismar"]

1. e4 c5 2. Nc3 e6 3. g3 d6 4. Bg2 Nc6 5. Nge2 Be7 6. O-O Nf6 7. d3 Bd7 8. f4
a6 9. h3 Qc7 10. g4 h6 11. Ng3 O-O-O 12. Nce2 Nd4 13. Be3 Nxe2+ 14. Nxe2 Bc6
15. a3 d5 16. e5 Nd7 17. d4 f5 18. gxf5 exf5 19. c3 Rhg8 20. b4 c4 21. a4 b5
22. axb5 axb5 23. Ra5 Nb6 24. Ra2 Kb7 25. Qc2 g6 26. Kh1 Ra8 27. Rfa1 Rxa2 28.
Rxa2 Ra8 29. Rxa8 Kxa8 30. Bf2 Qa7 31. h4 h5 32. Bf3 Qd7 33. Kh2 Kb8 34. Ng1
Bb7 35. Bd1 Bd8 36. Nf3 Be7 37. Be1 Bc6 38. Qg2 Qe6 39. Ng5 Bxg5 40. Qxg5 Be8
41. Qh6 Bf7 1/2-1/2

[Event "Landesliga West MV 2013/14"]
[Site "?"]
[Date "2014.02.23"]
[Round "6.2"]
[White "Kliewe, Hans-Juergen"]
[Black "Krueger, Horst"]
[Result "1-0"]
[WhiteElo "1947"]
[BlackElo "1931"]
[PlyCount "89"]
[EventType "team-tourn"]
[EventRounds "9"]
[WhiteTeam "ASV GW Wismar"]
[BlackTeam "Post SV Ludwigslust II"]

1. d4 d5 2. Bf4 Nf6 3. e3 e6 4. Nf3 Bd6 5. Bg3 b6 6. c4 Bxg3 7. hxg3 Bb7 8. Nc3
Nbd7 9. Rc1 O-O 10. Qc2 dxc4 11. Bxc4 g6 12. O-O Qe7 13. e4 c6 14. e5 Nd5 15.
Ne4 c5 16. dxc5 Nxc5 17. Nd6 Kg7 18. Qd2 f6 19. b4 Na6 20. exf6+ Rxf6 21. Ne4
Rf5 22. a3 Nac7 23. Rfe1 Rd8 24. Qb2+ Kg8 25. Rcd1 Qg7 26. Qxg7+ Kxg7 27. Nd4
Re5 28. f4 Rxe4 29. Rxe4 Nc3 30. Nf5+ gxf5 31. Rxd8 fxe4 32. Rd7+ Kf6 33. Rxc7
Bd5 34. Bxd5 Nxd5 35. Rxa7 e3 36. Kf1 Kf5 37. Rd7 Ke4 38. Rd6 Kd3 39. Rxe6 Nc3
40. Ke1 Nb5 41. Rxb6 Nxa3 42. Rd6+ Kc4 43. Ke2 Kxb4 44. Rd3 Nc4 45. Rxe3 1-0

[Event "Landesliga West MV 2013/14"]
[Site "?"]
[Date "2014.02.23"]
[Round "6.3"]
[White "Fechner, Frank"]
[Black "Stutz, Dr. Reno"]
[Result "0-1"]
[WhiteElo "1760"]
[BlackElo "1919"]
[PlyCount "40"]
[EventType "team-tourn"]
[EventRounds "9"]
[WhiteTeam "Post SV Ludwigslust II"]
[BlackTeam "ASV GW Wismar"]

1. c4 Nf6 2. Nc3 e6 3. e4 d5 4. e5 d4 5. exf6 dxc3 6. bxc3 Qxf6 7. d4 e5 8. Nf3
exd4 9. cxd4 Bb4+ 10. Bd2 Bxd2+ 11. Qxd2 O-O 12. Be2 Bg4 13. O-O Nc6 14. Rfd1
Rad8 15. d5 Rfe8 16. Nd4 Bxe2 17. Nxe2 b6 18. Ng3 Ne5 19. Rac1 Nd7 20. Qd4 Re1+
0-1